The future of industrial man : A conservative approach
The Future of Industrial Man is the only book by Peter Drucker in which he systematically develops a basic social theory. He presents the requirements for any society to be functioning and legitimate, and then applies these general concepts to the special case of the industrial society
Guardat en:
| Autor principal: | |
|---|---|
| Format: | Llibre |
| Idioma: | Undetermined |
| Publicat: |
Connecticut
Greenwood Press
1942
|
| Matèries: | |
| Etiquetes: |
Afegir etiqueta
Sense etiquetes, Sigues el primer a etiquetar aquest registre!
|
| Thư viện lưu trữ: | Trung tâm Học liệu Trường Đại học Cần Thơ |
|---|
| LEADER | 00981nam a2200217Ia 4500 | ||
|---|---|---|---|
| 001 | CTU_218832 | ||
| 008 | 210402s9999 xx 000 0 und d | ||
| 082 | |a 338.9 | ||
| 082 | |b D794 | ||
| 100 | |a Drucker, Peter Ferdinand | ||
| 245 | 4 | |a The future of industrial man : | |
| 245 | 2 | |b A conservative approach | |
| 245 | 0 | |c Peter Ferdinand Drucker | |
| 260 | |a Connecticut | ||
| 260 | |b Greenwood Press | ||
| 260 | |c 1942 | ||
| 520 | |a The Future of Industrial Man is the only book by Peter Drucker in which he systematically develops a basic social theory. He presents the requirements for any society to be functioning and legitimate, and then applies these general concepts to the special case of the industrial society | ||
| 650 | |a Economic policy,Economic history,Chính sách kinh tế,Lịch sử kinh tế,Sociology,Xã hội học | ||
| 650 | |y 20th century,Thế kỷ 20 | ||
| 904 | |i Nguyên | ||
| 980 | |a Trung tâm Học liệu Trường Đại học Cần Thơ | ||